SAFEGUARDING and protecting children, young people and families a guide for nurses and midwives

I tiakina i:
Ngā taipitopito rārangi puna kōrero
Kaituhi matua: edited by Watson, Gill, [and] Rodwell Sandra
Hōputu: Pukapuka
Reo:Ingarihi
I whakaputaina: Sage 2014
Tags: Tāpirihia he Tūtohu
No Tags, Be the first to tag this record!

MARC

LEADER 00000nam a22000007a 4500
008 210126b ||||| |||| 00| 0 eng d
020 |a 978-1-4462-4890-4 
100 |a edited by Watson, Gill, [and] Rodwell Sandra 
245 |a SAFEGUARDING and protecting children, young people and families  |b a guide for nurses and midwives  |c edited by Gill Watson [and] Sandra Rodwell.  |g xviii; 198p.; ill. 
250 |c edited by Watson, Gill, [and] Rodwell Sandra 
260 |b Sage  |c 2014  |h Los Angeles  |i 693295  |i 693296  |l RJ245 .Sa1  |m Child development 
942 |a lcc  |c BK  |e YUNUSA, A.A.  |f 26/01/2021 
952 |0 0  |1 0  |2 lcc  |4 0  |6 RJ0245 S A1  |7 0  |9 1893  |a HOL  |b HE  |c QZ  |d 2021-01-26  |l 0  |o RJ245 .Sa1  |p 2021-5760  |r 2021-01-26 00:00:00  |w 2021-01-26  |y BK 
952 |0 0  |1 0  |2 lcc  |4 0  |6 RJ0245 S A1  |7 0  |9 1894  |a HOL  |b HOL  |c QZ  |d 2021-01-26  |l 0  |o RJ245 .Sa1  |p 2021-5761  |r 2021-01-26 00:00:00  |w 2021-01-26  |y BK 
999 |c 998  |d 998